| 000 | 00698cab a2200229 4500 | ||
|---|---|---|---|
| 001 | WB3132-70 | ||
| 008 | 090401t1995 xxu||||| |||| 00| 0 eng d | ||
| 035 | _a(Sirsi) u57500 | ||
| 041 | _aeng | ||
| 245 | _aSaltmarsh creation | ||
| 260 | _c1995 | ||
| 350 | _a0 | ||
| 490 |
_aMAFF News Release _v(313/95) 24 August 1995 (2) |
||
| 520 | _aFarmers can now count land entered into the saltmarsh option of the Habitat Scheme towards their set-aside obligation under the AAPS. | ||
| 650 | _aARABLE AREA PAYMENTS SCHEME | ||
| 650 | _aHABITAT SCHEME | ||
| 650 | _aSALTMARSHES | ||
| 690 | _aENVIRONMENTAL AND LAND CONSULTANCY | ||
| 690 | _aRURAL PRACTICE | ||
| 942 | _n0 | ||
| 948 | _c04/03/1997 | ||
| 999 |
_c35073 _d35073 |
||